| 000 | 02527nam a2200589Ii 4500 | ||
|---|---|---|---|
| 001 | DIGXIAGT073 | ||
| 003 | NyNyDIG | ||
| 008 | 140901s2014 sp o 000 0 spa d | ||
| 006 | m o d | ||
| 007 | cr ||||||||||| | ||
| 020 |
_a9788416072750 _q(eBook) |
||
| 020 |
_z9788481099287 _q(Galaxia Gutenberg) |
||
| 020 |
_z8481099287 _q(Galaxia Gutenberg) |
||
| 020 |
_z9788467243642 _q(Círculo de Lectores) |
||
| 020 |
_z8467243643 _q(Círculo de Lectores) |
||
| 035 | _a(OCoLC)893649440 | ||
| 040 |
_aDGITA _beng _erda _epn _cDGITA |
||
| 041 | 1 |
_aspa _heng |
|
| 043 |
_af-so--- _an-us--- _ae-ne--- |
||
| 050 | 1 | 4 | _aE184.S67 eBook |
| 100 | 1 |
_aHirsi Ali, Ayaan, _d1969- _eauthor. |
|
| 240 | 1 | 0 |
_aNomad. _lSpanish |
| 245 | 1 | 0 |
_aNómada : _bdel Islam a Occidente, un itinerario personal y político / _cAyaan Hirsi Ali ; traducción de Gemma Deza Guil. |
| 250 | _aEdición en formato digital. | ||
| 264 | 1 |
_aBarcelona : _bGalaxia Gutenberg : _bCírculo de Lectores, _c2014. |
|
| 300 | _a1 online resource (428 pages). | ||
| 336 |
_atext _btxt _2rdacontent |
||
| 337 |
_acomputer _bc _2rdamedia |
||
| 338 |
_aonline resource _bcr _2rdacarrier |
||
| 490 | 1 | _aSerie Ensayo | |
| 500 | _aTranslated from the English. Nomad : from Islam to America : a personal journey through the clash of civilizations. New York : Free Press, 2010. | ||
| 588 | 0 | _aOnline resource; title from ePub and PDF title page (Digitalia, viewed August 10, 2014) | |
| 600 | 1 | 0 |
_aHirsi Ali, Ayaan, _d 1969- |
| 650 | 0 |
_aSomalis _zUnited States _vBiography. |
|
| 650 | 0 |
_aMuslim women _zUnited States _vBiography. |
|
| 650 | 0 |
_aWomen social reformers _vBiography. |
|
| 650 | 0 |
_aSomalis _zNetherlands _vBiography. |
|
| 650 | 0 |
_aWomen refugees _zNetherlands _vBiography. |
|
| 610 | 1 | 0 |
_aNetherlands. _bStaten-Generaal _vBiography. |
| 650 | 0 |
_aMuslim women _xCivil rights _zEurope. |
|
| 650 | 0 |
_aMuslim women _xCivil rights. |
|
| 650 | 0 |
_aIslam _xSocial aspects. |
|
| 655 | 0 | _aElectronic books. | |
| 700 | 1 |
_aDeza Guil, Gemma, _etranslator. |
|
| 791 | 2 |
_aDigitalia (Firm), _edistributor. |
|
| 793 | 0 |
_gDigitalia eBook Collection: _aGalaxia Gutenberg. |
|
| 776 | 0 | 8 |
_iPrint version: _aHirsi Ali, Ayaan. _tNómada : del Islam a Occidente, un itinerario personal y político. _dBarcelona : Galaxia Gutenberg : Círculo de Lectores, 2011. _z9788481099287 |
| 830 | 0 | _aSerie Ensayo (Galaxia Gutenberg (Firm)). | |
| 856 | 4 | 0 |
_3Digitalia Hispánica _uhttps://www.digitaliapublishing.com/a/28781/ |
| 910 | _aPremium Collection: 2014 | ||
| 942 | _cRAA | ||
| 999 |
_c239349 _d239349 |
||